000 00497nam a2200217Ia 4500
003 OSt
005 20221005125618.0
006 a|||||r|||| 00| 0
007 ta
008 221004b |||||||| |||| 00| 0 eng d
024 _a38490
037 _cTextual
040 _aCRL
_cCRL
_beng
041 _2eng
_aeng
082 _aO:2M54x, J41
245 0 _aPlays
260 _c1954
650 _aENGLISH LITERATURE
942 _hO:2M54x, J41
_cTEXL
_2cc
999 _c1054506
_d1054506